000 00504nam a22001937a 4500
003 Ost
005 20221116223118.0
008 221116b |||||||| |||| 00| 0 eng d
020 _a9993625000
040 _cBT-PhCST
050 _aJ00321-J00322
082 _222
_aA1.7
_bSCE
100 _aSamtse College of Education.
245 _aEducational innovation and practice :
260 _aSamtse :
_bKMT Press,
_cc2018.
300 _a92 p. :
_bill. ;
_c24 cm.
440 _vvol. 01, no. 03
942 _2ddc
_cJRL
999 _c9429
_d9429